Célébrités mortes avant leurs 40 ans - Mort subite - Statistiques

Statistiques générales
  • Ce quiz a été pris 2 705 fois
  • Le résultat moyen est 4 sur 14
Answers on the Grid
Answers color-coded by a green-red scale on the quiz's grid according to % correct below.
Kurt Cobain
John Fitzgerald Kennedy
Bob Marley
Steve McQueen
Youri Gagarine
Coluche
Ayrton Senna
Joe Dassin
John Lennon
Claude François
Elvis Presley
Michel Berger
Martin Luther King
Romy Schneider
Amy Winehouse
Jean-Pierre Pernault
Marilyn Monroe
Freddie Mercury
Vincent Van Gogh
Alain Delon
Bruce Lee
Michael Jackson
Jacques Chirac
Gregory Lemarchal
Steve Jobs
Arthur Rimbaud
Lady Diana
Louis de Funes
François 1er
Daniel Balavoine
 
Statistiques - réponses
Réponse % Correct
Amy Winehouse
51%
Gregory Lemarchal
45%
Lady Diana
42%
Kurt Cobain
41%
Marilyn Monroe
33%
Daniel Balavoine
28%
Bob Marley
26%
Ayrton Senna
25%
Arthur Rimbaud
24%
Claude François
20%
Bruce Lee
17%
Vincent Van Gogh
13%
Martin Luther King
12%
Youri Gagarine
5%
Aucun quiz correspondant
Distribution des résultats
% des personnes avec chaque résultat
Percentile par nombre de réponses
Votre historique - résultats
Vous n’avez pas pris ce quiz